Singers of "We Are The World" by pictures - Statistiques

Statistiques générales
  • Ce quiz a été pris 6 fois
  • Le résultat moyen est 9 sur 21
Statistiques - réponses
Par images Réponse % Correct
Lionel Richie
100%
Michael Jackson
100%
Stevie Wonder
100%
Tina Turner
100%
Bruce Springsteen
75%
Cyndi Lauper
75%
Paul Simon
75%
Ray Charles
75%
Billy Joel
50%
Bob Dylan
50%
Diana Ross
25%
Huey Lewis
25%
Al Jarreau
0%
Daryl Hall
0%
Dionne Warwick
0%
James Ingram
0%
Kenny Logins
0%
Kenny Rogers
0%
Kim Carnes
0%
Steve Perry
0%
Willie Nelson
0%
Aucun quiz correspondant
Distribution des résultats
% des personnes avec chaque résultat
Percentile par nombre de réponses
Votre historique - résultats
Vous n’avez pas pris ce quiz